[Event "WA Open"]
[Site "Redmond, WA"]
[Date "2010.05.30"]
[Round "1"]
[White "Cozianu, Costin"]
[Black "Pupols, Viktors"]
[Result "1-0"]
[WhiteElo "2547"]
[BlackElo "2206"]
[PlyCount "89"]
[EventDate "2010.05.31"]
[EventCountry "USA"]
[SourceDate "2010.05.29"]

1. e4 e6 2. d4 d5 3. e5 b6 4. c3 Ne7 5. h4 c5 6. h5 h6 7. Na3 Nec6 8. Nc2 cxd4
9. cxd4 b5 10. Bd3 b4 11. Ne2 Qb6 12. Be3 Ba6 13. Nc1 Nd7 14. O-O Be7 15. Qg4
Bxd3 16. Nxd3 O-O-O 17. Rfc1 Kb8 18. a3 b3 19. Ncb4 Nxb4 20. axb4 Bxb4 21. Qxg7
Rdf8 22. Qg4 Be7 23. Rc3 Rc8 24. Rac1 Rxc3 25. Rxc3 Rc8 26. Rxc8+ Kxc8 27. Qg8+
Bd8 28. Qxf7 a5 29. Nc5 Nxc5 30. dxc5 Qa6 31. Qe8 Kc7 32. Qa4 Qc4 33. Qxa5+ Kc8
34. Qa8+ Kd7 35. c6+ Qxc6 36. Qxc6+ Kxc6 37. Bxh6 Ba5 38. Bg7 Bc3 39. h6 Bxb2
40. h7 Bc3 41. h8=Q b2 42. Qb8 Kc5 43. Qb3 Kd4 44. Bf8 Kd3 45. Ba3 1-0

[Event "WA Open"]
[Site "Redmond, WA"]
[Date "2010.05.29"]
[Round "1"]
[White "Daroza, Eduardo"]
[Black "Rohonyan, Katerina"]
[Result "0-1"]
[WhiteElo "2031"]
[BlackElo "2331"]
[PlyCount "38"]
[EventDate "2010.05.31"]
[EventCountry "USA"]
[SourceDate "2010.05.29"]

1. Nf3 c5 2. c4 g6 3. g3 Bg7 4. Nc3 Nc6 5. Bg2 e6 6. O-O Nge7 7. d4 Nxd4 8.
Nxd4 cxd4 9. Nb5 Nf5 10. g4 Nh4 11. Nd6+ Kf8 12. Bh1 h5 13. g5 Qc7 14. c5 Qxc5
15. Bf4 e5 16. Ne4 Qe7 17. Bd2 Kg8 18. Qb3 a5 19. Rac1 d5 {indecipherable} 0-1

[Event "WA Open"]
[Site "Redmond, WA"]
[Date "2010.05.30"]
[Round "1"]
[White "Feng, Roland"]
[Black "Roper, David"]
[Result "0-1"]
[WhiteElo "1890"]
[BlackElo "2270"]
[PlyCount "88"]
[EventDate "2010.05.31"]
[EventCountry "USA"]
[SourceDate "2010.05.29"]

1. Nf3 f5 2. d4 Nf6 3. Nc3 d5 4. Bf4 c6 5. e3 Qb6 6. b3 e6 7. a3 Be7 8. Bd3 O-O
9. O-O Qd8 10. Ne1 Nbd7 11. f3 Nh5 12. Qe2 g5 13. Bg3 Nxg3 14. hxg3 e5 15. dxe5
Nxe5 16. Nd1 Bf6 17. Ra2 Be6 18. Nf2 Qd6 19. f4 Nxd3 20. Nexd3 g4 21. Rd1 Rae8
22. Qe1 Qc7 23. Rc1 Re7 24. c4 Rfe8 25. Re2 h5 26. Kh2 Bf7 27. Rcc2 Kg7 28. Nb4
dxc4 29. bxc4 Bg6 30. Nd1 Rh8 31. Kg1 h4 32. gxh4 Rxh4 33. g3 Rh3 34. Kg2 Re8
35. Nf2 Rh5 36. Qg1 a5 37. Nbd3 Qd6 38. a4 Re7 39. Rcd2 Qa3 40. Ra2 Qb3 41. c5
Bf7 42. Rad2 Bd5+ 43. Kf1 Qxa4 44. Ne1 Re8 0-1

[Event "WA Open"]
[Site "Redmond, WA"]
[Date "2010.05.29"]
[Round "1"]
[White "Koons, Nat"]
[Black "Lessler, Peter"]
[Result "1/2-1/2"]
[WhiteElo "2288"]
[BlackElo "1982"]
[PlyCount "58"]
[EventDate "2010.05.31"]
[EventCountry "USA"]
[SourceDate "2010.05.29"]

1. e4 c5 2. Nf3 e6 3. c3 Nf6 4. e5 Nd5 5. d4 cxd4 6. cxd4 d6 7. Bc4 Nc6 8. O-O
Be7 9. Qe2 O-O 10. Rd1 Bd7 11. Qe4 Rc8 12. Bd3 f5 13. exf6 Nxf6 14. Qe2 Nb4 15.
Bc4 Nbd5 16. Nc3 Qe8 17. Bg5 Nxc3 18. bxc3 d5 19. Bd3 Ne4 20. Bxe4 dxe4 21.
Qxe4 Rxf3 22. Bxe7 Rfxc3 23. Bd6 Bc6 24. Qg4 Qf7 25. Be5 Bd5 26. f3 Rc2 27. a4
R8c3 28. a5 h6 29. Qg3 {this move unreadable} Kh7 {
remaining moves indecipherable} 1/2-1/2

[Event "WA Open"]
[Site "Redmond, WA"]
[Date "2010.05.29"]
[Round "1"]
[White "Lee, Michael"]
[Black "Dixon, Dakota"]
[Result "1-0"]
[WhiteElo "2426"]
[BlackElo "2042"]
[PlyCount "120"]
[EventDate "2010.05.31"]
[EventCountry "USA"]
[SourceDate "2010.05.29"]

1. c4 e5 2. Nc3 Nf6 3. g3 Nc6 4. Bg2 Bc5 5. e3 O-O 6. Nge2 Re8 7. O-O d6 8. d3
Bg4 9. h3 Bh5 10. g4 Bg6 11. Ng3 h6 12. a3 a5 13. b3 Qd7 14. Bb2 Rab8 15. Kh2
Ba7 16. Nd5 Nxd5 17. cxd5 Ne7 18. e4 c6 19. d4 f6 20. Qd2 Bb6 21. Rad1 cxd5 22.
exd5 Rbc8 23. Rc1 Rxc1 24. Rxc1 Rc8 25. Rxc8+ Qxc8 26. dxe5 fxe5 27. Ne4 Qc7
28. Kh1 Qd7 29. a4 Bf7 30. Nc3 Bd4 31. Nd1 Bxb2 32. Nxb2 Qc7 33. Nc4 b6 34. Qd3
Qc5 35. Ne3 Ng6 36. Qc4 Nf4 37. Qxc5 dxc5 38. Kh2 Kf8 39. Be4 g6 40. h4 Ke7 41.
g5 hxg5 42. hxg5 Kf8 43. Nc4 Nxd5 44. Nxe5 Ne7 45. Bc2 Kg7 46. Kg3 Be6 47. Nc4
Nd5 48. Kf3 Nb4 49. Bd1 Nd5 50. Bc2 Nb4 51. Bd1 Na2 52. Ke3 Nc3 53. Bf3 Kf7 54.
Kd2 Na2 55. Be4 Nb4 56. Kc3 Na2+ 57. Kb2 Bxc4 58. bxc4 Nb4 59. Kc3 Na6 60. Kd2
Nb4 {remaining moves unclear} 1-0

[Event "WA Open"]
[Site "Redmond, WA"]
[Date "2010.05.29"]
[Round "1"]
[White "Mathews, Dan"]
[Black "Perez, Ignacio"]
[Result "0-1"]
[WhiteElo "1726"]
[BlackElo "2248"]
[PlyCount "78"]
[EventDate "2010.05.31"]
[EventCountry "USA"]
[SourceDate "2010.05.29"]

1. d4 Nf6 2. c4 g6 3. Nc3 Bg7 4. e4 d6 5. f4 O-O 6. Bd3 c5 7. d5 e6 8. Nf3 exd5
9. cxd5 c4 10. Bc2 b5 11. O-O b4 12. Ne2 Re8 13. Ng3 Na6 14. Be3 b3 15. axb3
cxb3 16. Bxb3 Nxe4 17. Nxe4 Rxe4 18. Bc1 Nb4 19. Kh1 Ba6 20. Rf2 Qb6 21. Ng5
Re7 22. Nh3 Nd3 23. Re2 Rxe2 24. Qxe2 Nxc1 25. Qxa6 Qxa6 26. Rxa6 Nxb3 27. Rxd6
a5 28. Rd7 a4 29. d6 Bxb2 30. Rc7 Rd8 31. d7 Nd4 32. Ng5 Ne6 33. Nxe6 fxe6 34.
Rc8 Bf6 35. g4 Kf7 36. Rc4 a3 37. Ra4 Bb2 38. Kg2 Rxd7 39. Rxa3 Bxa3 0-1

[Event "WA Open"]
[Site "Redmond, WA"]
[Date "2010.05.29"]
[Round "1"]
[White "Rozenfeld, Yevgeniy"]
[Black "Sinanan, Josh"]
[Result "1/2-1/2"]
[WhiteElo "1949"]
[BlackElo "2246"]
[PlyCount "85"]
[EventDate "2010.05.31"]
[EventCountry "USA"]
[SourceDate "2010.05.29"]

1. e4 c5 2. Nf3 e6 3. d4 cxd4 4. Nxd4 Nc6 5. Nc3 Qc7 6. a3 a6 7. Be3 Nf6 8. Be2
b5 9. O-O Bb7 10. f3 Bc5 11. Qd2 Qb6 12. Rad1 Rc8 13. Rfe1 d6 14. Bf1 Nxd4 15.
Bxd4 Bxd4+ 16. Qxd4 Qxd4+ 17. Rxd4 Ke7 18. a4 bxa4 19. Rxa4 Rc6 20. Rb4 Rc7 21.
Ra1 Ra8 22. Ra5 Nd7 23. Na4 Ne5 24. Nb6 Ra7 25. f4 Ng6 26. f5 Ne5 27. c3 Nc6
28. Rc4 Kd8 29. Ra1 Ne5 30. Rca4 Rc6 31. Nc4 Nxc4 32. Bxc4 Ke7 33. Bd3 Rb6 34.
R1a2 Ra8 35. fxe6 fxe6 36. Kf2 e5 37. Ke3 Rb8 38. b4 Rc6 39. R2a3 Rbc8 40. Kd2
Rf8 41. Ke3 Rfc8 42. Kd2 Rf8 43. Ke3 1/2-1/2

[Event "WA Open"]
[Site "Redmond, WA"]
[Date "2010.05.29"]
[Round "1"]
[White "Wilson, Matthew"]
[Black "Greninger, Harley"]
[Result "1/2-1/2"]
[WhiteElo "1942"]
[BlackElo "2220"]
[PlyCount "64"]
[EventDate "2010.05.31"]
[EventCountry "USA"]
[SourceDate "2010.05.29"]

1. e4 e6 2. d4 d5 3. Nc3 Bb4 4. e5 c5 5. Bd2 Nc6 6. a3 Bxc3 7. Bxc3 cxd4 8.
Bxd4 Nxd4 9. Qxd4 Ne7 10. Nf3 Bd7 11. Bd3 Qb6 12. Qxb6 axb6 13. O-O Nc6 14.
Rad1 Ke7 15. Rfe1 Rhc8 16. c3 Na5 17. Nd4 Ba4 18. Rd2 Nb3 19. Nxb3 Bxb3 20. Bf1
Ra4 21. Bb5 Ra5 22. Bf1 Bc4 23. Bxc4 Rxc4 24. f3 f5 25. g3 g5 26. Red1 h5 27.
Kf2 g4 28. f4 Re4 29. Rd4 Ra8 30. Rxe4 fxe4 31. Rd4 b5 32. Rd2 Rf8 1/2-1/2

[Event "WA Open"]
[Site "Redmond, WA"]
[Date "2010.05.30"]
[Round "2"]
[White "Gottlieb, Ethan"]
[Black "Xing, Kerry"]
[Result "0-1"]
[WhiteElo "1876"]
[BlackElo "2098"]
[PlyCount "56"]
[EventDate "2010.05.31"]
[EventCountry "USA"]
[SourceDate "2010.05.29"]

1. e4 e6 2. d4 d5 3. Nd2 Nf6 4. e5 Nfd7 5. Bd3 c5 6. c3 Nc6 7. Ne2 Qb6 8. Nf3
f6 9. exf6 Nxf6 10. O-O Bd6 11. a3 O-O 12. b4 c4 13. Bb1 e5 14. dxe5 Nxe5 15.
Nxe5 Bxe5 16. Bf4 Qc7 17. Bxe5 Qxe5 18. Qd2 Bg4 19. Ng3 a5 20. Bc2 axb4 21.
axb4 Rxa1 22. Rxa1 Re8 23. Kf1 h6 24. Bg6 Rd8 25. Re1 Qd6 26. h3 Bd7 27. Qd4
Rf8 28. Kg1 Nh7 {remaining move(s) not recorded} 0-1

[Event "WA Open"]
[Site "Redmond, WA"]
[Date "2010.05.29"]
[Round "2"]
[White "Greninger, Harley"]
[Black "Rozenfeld, Yevgeniy"]
[Result "1-0"]
[WhiteElo "2220"]
[BlackElo "1949"]
[PlyCount "69"]
[EventDate "2010.05.31"]
[EventCountry "USA"]
[SourceDate "2010.05.29"]

1. d4 d5 2. c4 e6 3. Nc3 Be7 4. cxd5 exd5 5. Bf4 c6 6. Qc2 Nf6 7. e3 O-O 8. Bd3
Be6 9. Nf3 h6 10. h3 Nbd7 11. g4 c5 12. g5 hxg5 13. Bxg5 Rc8 14. Rg1 Ne8 15. h4
cxd4 16. Nxd4 Ne5 17. Be2 Bf6 18. O-O-O Nc4 19. Bxc4 Rxc4 20. Kb1 Nd6 21. f3 b5
22. Qg2 Nf5 23. Nxf5 Bxf5+ 24. e4 Rxc3 25. bxc3 Bg6 26. Bxf6 Qxf6 27. Rxd5 Qxc3
28. h5 Bxh5 29. Rxh5 Rc8 30. Rgh1 Qd3+ 31. Ka1 Qc3+ 32. Qb2 Kf8 33. Rh8+ Ke7
34. Rxc8 Qxc8 35. Qe5+ 1-0

[Event "WA Open"]
[Site "Redmond, WA"]
[Date "2010.05.30"]
[Round "2"]
[White "Mikhailuk, Slava"]
[Black "Raptis 2, Nick"]
[Result "1-0"]
[WhiteElo "2437"]
[BlackElo "2327"]
[PlyCount "94"]
[EventDate "2010.05.31"]
[EventCountry "USA"]
[SourceDate "2010.05.29"]

1. Nf3 Nf6 2. c4 g6 3. g3 Bg7 4. Bg2 O-O 5. O-O Nc6 6. Nc3 a6 7. d3 d5 8. cxd5
Nxd5 9. Bd2 h6 10. Nxd5 Qxd5 11. Bc3 Qb5 12. a4 Qh5 13. Bxg7 Kxg7 14. Qb3 Rb8
15. Qc3+ Kg8 16. b4 Be6 17. Rfb1 a5 18. bxa5 Qxa5 19. Qxa5 Nxa5 20. Rb2 Rfd8
21. Rc1 c6 22. Ne5 Kg7 23. Rc5 Nb3 24. Rc3 Na5 25. e3 f6 26. Nf3 Bf7 27. Rb6
Ra8 28. Nd2 e5 29. Ne4 f5 30. Nc5 e4 31. d4 Kf6 32. Rc1 Ke7 33. Rcb1 Kd6 34.
Nxb7+ Nxb7 35. Rxb7 Be8 36. R1b4 Ra5 37. f3 exf3 38. Bxf3 Rda8 39. Bd1 Bd7 40.
Bb3 g5 41. Kf2 Re8 42. Rb8 Re4 43. Bc2 Re6 44. R4b7 c5 45. Bxf5 cxd4 46. Bxe6
dxe3+ 47. Kxe3 Bxe6 {remaining moves not recorded} 1-0

[Event "WA Open"]
[Site "Redmond, WA"]
[Date "2010.05.29"]
[Round "2"]
[White "Perez, Ignacio"]
[Black "Kong, Dezheng"]
[Result "1-0"]
[WhiteElo "2248"]
[BlackElo "2006"]
[PlyCount "75"]
[EventDate "2010.05.31"]
[EventCountry "USA"]
[SourceDate "2010.05.29"]

1. e4 c5 2. b4 cxb4 3. Bb2 d5 4. exd5 Qxd5 5. Nf3 Nf6 6. Be2 g6 7. O-O Bg7 8.
a3 Nc6 9. axb4 Nxb4 10. c4 Qd8 11. Qa4+ Nc6 12. d4 O-O 13. d5 Nb8 14. Nc3 Nbd7
15. Qa3 Nb6 16. Rfd1 Bg4 17. d6 exd6 18. c5 Nbd7 19. cxd6 Re8 20. h3 Bf5 21.
Nd4 Be4 22. Nxe4 Nxe4 23. Bf3 Qh4 24. Bxe4 Rxe4 25. Nf3 Qh6 26. Rac1 Ree8 27.
Rc7 Red8 28. Bc1 Qh5 29. Bg5 Ne5 30. Bxd8 Rxd8 31. d7 Bf8 32. Qb3 a5 33. Nxe5
Qxe5 34. Rc8 Qe7 35. Rxd8 Qxd8 36. Qxb7 a4 37. Qc8 Be7 38. Re1 1-0

[Event "WA Open"]
[Site "Redmond, WA"]
[Date "2010.05.29"]
[Round "2"]
[White "Phillips, Dan"]
[Black "Dixon, Dakota"]
[Result "0-1"]
[WhiteElo "1848"]
[BlackElo "2042"]
[PlyCount "68"]
[EventDate "2010.05.31"]
[EventCountry "USA"]
[SourceDate "2010.05.29"]

1. e4 c5 2. Nf3 Nc6 3. d4 cxd4 4. Nxd4 Nf6 5. Nc3 d6 6. Bc4 Qb6 7. Nb3 a6 8.
O-O e6 9. Be3 Qc7 10. Be2 Be7 11. Kh1 O-O 12. f4 b5 13. Bf3 Bb7 14. Qe2 Rac8
15. g4 Nd7 16. Qg2 Na5 17. Nd4 Nc4 18. Bc1 Bf6 19. Nce2 Rfe8 20. g5 Bxd4 21.
Nxd4 Nf8 22. Rf2 e5 23. Nf5 exf4 24. Bxf4 Ne5 25. Re1 Nfg6 26. Bg3 Qc6 27. Rfe2
Rcd8 28. Bh5 Qc4 29. Rd1 d5 30. b3 Qc8 31. Bxe5 Rxe5 32. Red2 Nf4 33. Qg3 Rxe4
34. Bf3 Qxf5 0-1

[Event "WA Open"]
[Site "Redmond, WA"]
[Date "2010.05.30"]
[Round "2"]
[White "Pupols, Viktors"]
[Black "Feng, Roland"]
[Result "1/2-1/2"]
[WhiteElo "2206"]
[BlackElo "1890"]
[PlyCount "125"]
[EventDate "2010.05.31"]
[EventCountry "USA"]
[SourceDate "2010.05.29"]

1. d4 Nf6 2. c4 g6 3. Nc3 Bg7 4. e4 d6 5. Nf3 O-O 6. h3 e5 7. d5 Nbd7 8. Bg5 h6
9. Be3 Nh5 10. Nh2 Ndf6 11. Qd2 Kh7 12. O-O-O a6 13. Kb1 Bd7 14. Bd3 Qe7 15.
Rc1 Rfb8 16. Ne2 Be8 17. Ng4 g5 18. c5 Nf4 19. cxd6 cxd6 20. g3 Nxd3 21. Qxd3
Bb5 22. Nxf6+ Qxf6 23. Qd2 Rc8 24. g4 Bxe2 25. Qxe2 b5 26. Rc2 Rxc2 27. Qxc2
Qf3 28. Rc1 Qxh3 29. Qc6 Rf8 30. Qd7 Qf3 31. Qf5+ Qxf5 32. exf5 Ra8 33. Rc7 Kg8
34. Rc6 Bf8 35. Kc2 Kg7 36. Kd3 Kf6 37. Bc5 h5 38. gxh5 Kxf5 39. Bxd6 Bxd6 40.
Rxd6 Rh8 41. Rxa6 Rxh5 42. Rb6 Rh4 43. Rxb5 Rd4+ 44. Ke3 Re4+ 45. Kf3 Rf4+ 46.
Ke2 Re4+ 47. Kf1 Rd4 48. b4 Ke4 49. Kg2 Rxd5 50. Rb7 f5 51. a4 {
according to black's scoresheet:} Rd2 ({according to white's scoresheet:} 51...
g4 52. a5 Rd2 53. a6 Kf4 54. b5 g3 55. b6 Rxf2+ 56. Kg1 Ra2 57. a7 Ra1+ 58. Kg2
Ra2+ 59. Kg1) 52. a5 Kf4 53. a6 Ra2 54. b5 g4 55. a7 g3 56. b6 Rxf2+ 57. Kg1
Ra2 58. Rc7 Ra1+ 59. Kg2 Ra2+ 60. Kg1 Ra1+ 61. Kg2 Ra2+ 62. Kg1 Ra1+ 63. Kg2
1/2-1/2

[Event "WA Open"]
[Site "Redmond, WA"]
[Date "2010.05.29"]
[Round "2"]
[White "Rohonyan, Katerina"]
[Black "Gay, Daniel"]
[Result "0-1"]
[WhiteElo "2331"]
[BlackElo "2065"]
[PlyCount "73"]
[EventDate "2010.05.31"]
[EventCountry "USA"]
[SourceDate "2010.05.29"]

1. e4 c5 2. Nf3 d6 3. d4 cxd4 4. Nxd4 Nf6 5. Nc3 a6 6. Bg5 e6 7. f4 Qc7 8. Bd3
b5 9. a3 Bb7 10. Qe2 Be7 11. O-O-O Nbd7 12. Kb1 Nc5 13. Rhe1 O-O-O 14. Bxb5
axb5 15. Ndxb5 Qb6 16. e5 d5 17. exf6 gxf6 18. Bh4 Ba6 19. Bf2 Qb7 20. Bxc5
Bxc5 21. a4 Bb4 22. Rd4 Bc5 23. Rd3 d4 24. Ne4 Bxb5 25. Nxc5 Bxd3 26. Nxb7 Bxe2
27. Nxd8 d3 28. Kc1 Rxd8 29. Kd2 Rd4 30. cxd3 Bxd3 31. Kc3 Rd5 32. Re3 Bg6 33.
b4 Rd8 34. b5 Kb7 35. a5 Rg8 36. g3 Bh5 37. Kb4 {Remaining moves
indecipherable. According to the scoresheet white won, but black won according
to the wall chart.} 0-1

[Event "WA Open"]
[Site "Redmond, WA"]
[Date "2010.05.30"]
[Round "2"]
[White "Rosell, John"]
[Black "Breckenridge, Steven"]
[Result "1-0"]
[WhiteElo "2012"]
[BlackElo "2225"]
[PlyCount "56"]
[EventDate "2010.05.31"]
[EventCountry "USA"]
[SourceDate "2010.05.29"]

1. Nf3 Nf6 2. c4 g6 3. g3 Bg7 4. Bg2 O-O 5. Nc3 d6 6. O-O Nc6 7. d3 e5 8. Rb1
Ne7 9. b4 Nh5 10. e4 f5 11. exf5 gxf5 12. Nxe5 dxe5 13. Qxh5 Qxd3 14. Nd5 Ng6
15. Bh6 c6 16. Bxg7 Kxg7 17. Ne3 f4 18. Rb3 Qd6 19. Rd1 Qe6 20. Nf1 Qxc4 21.
Nd2 Qf7 22. Ne4 Qf5 23. Qe2 Be6 24. Rbd3 Rab8 25. Nc5 Rf7 26. Be4 Qh3 27. Bxg6
Bg4 28. Qxe5+ Rf6 (28... Rf6 29. Rd6 {is mate in 12}) 1-0

[Event "WA Open"]
[Site "Redmond, WA"]
[Date "2010.05.29"]
[Round "2"]
[White "Rupel, David"]
[Black "Pazderic, Nick"]
[Result "1-0"]
[WhiteElo "2119"]
[BlackElo "1811"]
[PlyCount "72"]
[EventDate "2010.05.31"]
[EventCountry "USA"]
[SourceDate "2010.05.29"]

1. d4 Nf6 2. c4 e6 3. Nf3 d5 4. g3 dxc4 5. Qa4+ Bd7 6. Qxc4 Bc6 7. Bg2 Bd5 8.
Qc2 Nc6 9. Qa4 b5 10. Qd1 Rb8 11. O-O Bxf3 12. Bxf3 Nxd4 13. Bg2 Bc5 14. e3 Nf5
15. Bc6+ Ke7 16. Qe2 Nd6 17. Qc2 Bb6 18. e4 Ng4 19. Bf4 e5 20. Bg5+ f6 21. Bd2
Qc8 22. Nc3 Bd4 23. Kg2 Bxc3 24. Qxc3 g5 25. Bd5 b4 26. Qc5 Rb5 27. Qxa7 Qb8
28. Qxb8 Rhxb8 29. Rac1 Kd8 30. h4 f5 31. Bxg5+ Kc8 32. Be6+ Kb7 33. f3 h6 34.
Bd2 Nf6 35. exf5 e4 36. Bxh6 exf3+ 1-0

[Event "WA Open"]
[Site "Redmond, WA"]
[Date "2010.05.29"]
[Round "2"]
[White "Sinanan, Josh"]
[Black "Wilson, Matthew"]
[Result "1-0"]
[WhiteElo "2246"]
[BlackElo "1942"]
[PlyCount "155"]
[EventDate "2010.05.31"]
[EventCountry "USA"]
[SourceDate "2010.05.29"]

1. d4 Nf6 2. c4 e6 3. Nf3 b6 4. g3 Ba6 5. b3 b5 6. cxb5 Bxb5 7. Bg2 Bc6 8. O-O
Be7 9. Bb2 O-O 10. Nbd2 Bb7 11. Qc2 d5 12. Rfc1 Na6 13. a3 c5 14. dxc5 Bxc5 15.
b4 Bd6 16. Bd4 Nd7 17. Qb2 f6 18. Nb3 e5 19. Na5 Qb8 20. Nxb7 Qxb7 21. Be3 Nb6
22. Qb3 Kh8 23. Nh4 e4 24. Nf5 Be5 25. Ra2 Nc4 26. Rxc4 dxc4 27. Qxc4 Qf7 28.
Qxf7 Rxf7 29. Bxe4 Rd8 30. Bd3 Nb8 31. Rc2 g6 32. Nh6 Re7 33. Rc4 Kg7 34. Ng4
Bb2 35. Bh6+ Kh8 36. a4 Ree8 37. Rc7 Rd7 38. Rc2 Be5 39. Nxe5 fxe5 40. Bb5 Rd1+
41. Kg2 Red8 42. Rc7 R1d4 43. Bg7+ Kg8 44. Bxe5 Rxb4 45. Rg7+ Kf8 46. Rxh7 a6
47. Rh8+ Ke7 48. Bf6+ Kxf6 49. Rxd8 axb5 50. Rxb8 Rxa4 51. Rxb5 Ra3 52. h4 Rc3
53. g4 Ra3 54. Rb6+ Kg7 55. g5 Rc3 56. Rb7+ Kg8 57. e3 Rc4 58. Kg3 Re4 59. Rd7
Ra4 60. f3 Rb4 61. e4 Rb1 62. Kf4 Rb5 63. Rd5 Rb7 64. Ke5 Kf7 65. f4 Re7+ 66.
Kd4 Ra7 67. Rc5 Rd7+ 68. Ke3 Ra7 69. f5 gxf5 70. exf5 Ra4 71. h5 Rg4 72. Rc7+
Kg8 73. g6 Kf8 74. f6 Ke8 75. Re7+ Kd8 76. Rh7 Ke8 77. Rh8+ Kd7 78. f7 1-0

[Event "WA Open"]
[Site "Redmond, WA"]
[Date "2010.05.29"]
[Round "2"]
[White "Wang, Michael"]
[Black "Raptis, Nick"]
[Result "1-0"]
[WhiteElo "2065"]
[BlackElo "2327"]
[PlyCount "118"]
[EventDate "2010.05.31"]
[EventCountry "USA"]
[SourceDate "2010.05.29"]

1. c4 Nf6 2. Nc3 g6 3. g3 d5 4. cxd5 Nxd5 5. Bg2 Nb6 6. Nf3 Bg7 7. O-O Nc6 8.
d3 O-O 9. a3 h6 10. Qc2 e5 11. b4 Nd4 12. Nxd4 exd4 13. Ne4 Nd5 14. Bb2 c6 15.
Nc5 Re8 16. Rfe1 a5 17. Qc4 axb4 18. Bxd5 cxd5 19. Qxb4 Qe7 20. Bxd4 b6 21. Nb3
Qxb4 22. axb4 Rxa1 23. Bxa1 Bxa1 24. Nxa1 Bg4 25. Kf1 Bh3+ 26. Kg1 Ra8 27. Nc2
Ra2 28. Rc1 Rb2 29. f3 Bd7 30. Kf2 Ba4 31. Ne3 d4 32. Nd5 b5 33. Ne7+ Kg7 34.
Nc6 Bc2 35. Ke1 Ba4 36. Kf2 Bc2 37. Ke1 Ba4 38. Rc5 Rb1+ 39. Kf2 Kf6 40. Rd5
Ke6 41. Rxd4 f5 42. Rd8 Rc1 43. Nd4+ Ke7 44. Rh8 h5 45. Rg8 Kf6 46. h4 Rb1 47.
Rf8+ Ke7 48. Rb8 Kf6 49. Rb6+ Kf7 50. Nxb5 Bxb5 51. Rxb5 f4 52. gxf4 Rh1 53.
Kg3 Rg1+ 54. Kh2 Re1 55. Re5 Kf6 56. b5 Rf1 57. Kg2 Rd1 58. Re8 Rb1 59. Rb8 Kf5
{remaining moves not recorded} 1-0

[Event "WA Open"]
[Site "Redmond, WA"]
[Date "2010.05.30"]
[Round "3"]
[White "Cozianu, Costin"]
[Black "Mikhailuk, Slava"]
[Result "1-0"]
[WhiteElo "2547"]
[BlackElo "2437"]
[PlyCount "51"]
[EventDate "2010.05.31"]
[EventCountry "USA"]
[SourceDate "2010.05.29"]

1. e4 c5 2. Nf3 Nc6 3. Bb5 g6 4. O-O Bg7 5. Re1 Nf6 6. Bxc6 dxc6 7. h3 O-O 8.
d3 Ne8 9. Nbd2 Nc7 10. Nb3 b6 11. a4 Ba6 12. Nbd2 Qd7 13. e5 Ne6 14. b3 Nd4 15.
Bb2 f5 16. a5 b5 17. Nxd4 cxd4 18. Ba3 Qc7 19. Bc5 Bxe5 20. Bxe7 Rfe8 21. Bc5 (
{or} 21. Bg5 {?!}) 21... Qd7 22. b4 Rad8 23. Qf3 Bf6 24. Nb3 Bc8 25. Qf4 g5 26.
Qf3 {remaining moves indecipherable} 1-0

[Event "WA Open"]
[Site "Redmond, WA"]
[Date "2010.05.30"]
[Round "3"]
[White "Dixon, Dakota"]
[Black "Rohonyan, Katerina"]
[Result "1/2-1/2"]
[WhiteElo "2042"]
[BlackElo "2331"]
[PlyCount "120"]
[EventDate "2010.05.31"]
[EventCountry "USA"]
[SourceDate "2010.05.29"]

1. d4 Nf6 2. c4 c5 3. d5 b5 4. cxb5 a6 5. bxa6 g6 6. Nc3 Bxa6 7. Nf3 d6 8. e4
Bxf1 9. Kxf1 Bg7 10. g3 Nbd7 11. Kg2 O-O 12. h3 Qb6 13. Qc2 Qb7 14. Rd1 Ne8 15.
Bf4 Nc7 16. Rab1 Rfb8 17. Nd2 Ra6 18. a3 Nb5 19. Nxb5 Qxb5 20. b4 Raa8 21. Qc4
Qa4 22. bxc5 Nxc5 23. Qxa4 Nxa4 24. Rxb8+ Rxb8 25. Rb1 Ra8 26. Rb7 Kf8 27. Be3
Nc3 28. f3 f5 29. Bg5 Re8 30. Rb4 h6 31. Be3 Ra8 32. Bd4 Rxa3 33. Bxc3 Rxc3 34.
Rc4 Ra3 35. Rc2 Bd4 36. Nc4 Ra1 37. Re2 Rg1+ 38. Kh2 Rc1 39. Na3 Kf7 40. Nc2
Bc5 41. Ne1 Rd1 42. Kg2 Kf6 43. Nc2 Bb6 44. Nb4 fxe4 45. fxe4 h5 46. Nc6 Bc5
47. Kh2 e6 48. dxe6 Kxe6 49. Nd8+ Ke7 50. Nc6+ Kd7 51. Na5 Ke6 52. Nc4 Bb4 53.
Kg2 Bc3 54. Kf3 Be5 55. Rd2 Rf1+ 56. Rf2 Rc1 57. Nxe5 Kxe5 58. Rd2 Rc3+ 59. Kf2
Rc5 60. Ke3 g5 {remaining moves not available} 1/2-1/2

[Event "WA Open"]
[Site "Redmond, WA"]
[Date "2010.05.30"]
[Round "3"]
[White "Gay, Daniel"]
[Black "Perez, Ignacio"]
[Result "1/2-1/2"]
[WhiteElo "2065"]
[BlackElo "2248"]
[PlyCount "107"]
[EventDate "2010.05.31"]
[EventCountry "USA"]
[SourceDate "2010.05.29"]

1. e4 d6 2. d4 g6 3. Nc3 Bg7 4. Be3 Nf6 5. Qd2 Nc6 6. Nf3 O-O 7. Bh6 Bg4 8.
Bxg7 Kxg7 9. Be2 Bxf3 10. Bxf3 e5 11. d5 Nd4 12. Qd3 c6 13. dxc6 bxc6 14. Ne2
Nxe2 15. Qxe2 Rb8 16. b3 Qa5+ 17. Qd2 Qxd2+ 18. Kxd2 d5 19. Rhe1 d4 20. c3 c5
21. cxd4 cxd4 22. Rac1 Rb5 23. Rc7 a5 24. Rec1 Rfb8 25. R1c5 a4 26. Rxb5 Rxb5
27. bxa4 Rb2+ 28. Rc2 Rb4 29. Rc5 Rxa4 30. Rxe5 Rxa2+ 31. Kd3 Rxf2 32. Kxd4 h5
33. Ra5 Ng4 34. h3 Nh6 35. Ke3 Rb2 36. Kf4 Rb4 37. Kg3 Ng8 38. Ra7 Nf6 39. Kf4
Nd5+ 40. Ke5 Ne3 41. Kf4 Nc4 42. Kg3 Nd2 43. Kf4 Nxf3 44. gxf3 Kf6 45. Ra6+ Kg7
46. Ra7 Rc4 47. Rb7 Ra4 48. Rc7 Kf6 49. Rc6+ Ke7 50. Rc7+ Ke6 51. Rc6+ Kd7 52.
Rb6 Ke7 53. Rb7+ Kf6 54. Rb6+ 1/2-1/2

[Event "WA Open"]
[Site "Redmond, WA"]
[Date "2010.05.30"]
[Round "3"]
[White "Gottlieb, Ethan"]
[Black "Pupols, Viktors"]
[Result "0-1"]
[WhiteElo "1876"]
[BlackElo "2206"]
[PlyCount "72"]
[EventDate "2010.05.31"]
[EventCountry "USA"]
[SourceDate "2010.05.29"]

1. e4 e6 2. d4 d5 3. Nd2 Nf6 4. e5 Nfd7 5. Bd3 c5 6. c3 Nc6 7. Ne2 Rb8 8. Nf3
b5 9. O-O h6 10. Ng3 Qb6 11. Be3 c4 12. Bc2 b4 13. Nd2 bxc3 14. bxc3 Qa5 15.
Nb1 Nb6 16. a4 Bd7 17. f4 g6 18. Ne2 Ne7 19. g4 h5 20. h3 hxg4 21. hxg4 Kd8 22.
Ng3 Kc7 23. Kg2 Nbc8 24. Bc1 Nc6 25. Ba3 Bxa3 26. Rxa3 N8e7 27. Nd2 Rb2 28. Nf3
Rhb8 29. Qd2 R8b3 30. Rfa1 Qb6 31. Qd1 Rxc2+ 32. Kg1 Rbb2 33. Ne1 Rd2 34. Qf3
Nxd4 35. cxd4 Qxd4+ 36. Kf1 Rf2+ 0-1

[Event "WA Open"]
[Site "Redmond, WA"]
[Date "2010.05.30"]
[Round "3"]
[White "Roper, David"]
[Black "Cozianu, Costin"]
[Result "1/2-1/2"]
[WhiteElo "2270"]
[BlackElo "2547"]
[PlyCount "114"]
[EventDate "2010.05.31"]
[EventCountry "USA"]
[SourceDate "2010.05.29"]

1. e4 c6 2. d4 d5 3. Nc3 dxe4 4. Nxe4 Bf5 5. Ng3 Bg6 6. h4 h6 7. h5 Bh7 8. Nf3
Nd7 9. Bd3 Bxd3 10. Qxd3 Ngf6 11. Bd2 Qb6 12. O-O-O O-O-O 13. Ne4 e6 14. Nxf6
gxf6 15. Qe2 Rg8 16. g3 Qb5 17. c4 Qa6 18. Kb1 f5 19. Bf4 Bg7 20. Rd2 b6 21.
Rc1 Rge8 22. Qd1 Nf6 23. Ne5 Ne4 24. Nxc6 Nxd2+ 25. Qxd2 Rd7 26. Ne5 Rc7 27. b3
Qb7 28. Re1 Rd8 29. Qe3 Qe4+ 30. Qxe4 fxe4 31. Rxe4 Kb7 32. Nf3 Rcd7 33. Be3
Rh8 34. a4 Rh7 35. Kc2 Rd6 36. b4 f5 37. Rh4 Bf6 38. Rh1 Rd8 39. Kb3 Rg8 40. b5
Bg5 41. Nxg5 hxg5 42. c5 Rgh8 43. Bxg5 Rxh5 44. Bh4 f4 45. Re1 bxc5 46. dxc5
Rxc5 47. Rxe6 Rhc8 48. Re7+ Kb6 49. Bf6 fxg3 50. fxg3 Rc4 51. Rd7 a6 52. Rd6+
Kc5 53. Rxa6 Rb4+ 54. Ka3 Re4 55. Bg5 Kd5 56. Bf4 Rc3+ 57. Kb2 Rf3 1/2-1/2